Chemistry

Guardat en:
Dades bibliogràfiques
Autor principal: Fine, Leonard W (Autor)
Format: Llibre
Idioma:anglès
Publicat: Baltimore Williams and Wilkins 1978
Edició:2a. ed
Matèries:
Etiquetes: Afegir etiqueta
Sense etiquetes, Sigues el primer a etiquetar aquest registre!

MARC

LEADER 00000nam a2200000 a 4500
001 UCW2593
003 CL-VaPUC
008 891005e19780000US |||||||||||||||||eng|d
082 0 4 |a 540  |b FIN  |2 21 
100 0 |a Fine, Leonard W  |e author  |9 306841 
245 1 0 |a Chemistry 
250 |a 2a. ed 
300 |a 799 p 
942 |c BK 
945 |d 19891005 00:00:00 
260 |a Baltimore  |b Williams and Wilkins  |c 1978 
650 0 |a Química  |9 259896 
583 |a last modification  |c 20171031 11:00:03  |k Rodrigo Vera 
999 |c 217114  |d 217112